ბათუმის შოთა რუსთაველის სახელმწიფო უნივერსიტეტის ბიბლიოთეკა

Автоматизация производственных процессов виноделия. (ბიბ.ჩანაწერი № 38687)

000 -LEADER
fixed length control field 00744nam a2200217Ia 4500
001 - CONTROL NUMBER
control field 4944
003 - CONTROL NUMBER IDENTIFIER
control field GE_BSU
008 - FIXED-LENGTH DATA ELEMENTS--GENERAL INFORMATION
fixed length control field 181216s||||||||xx |||||||||||||| ||und||
040 ## - CATALOGING SOURCE
Transcribing agency GE_BSU
080 ## - UNIVERSAL DECIMAL CLASSIFICATION NUMBER
Universal Decimal Classification number 663.2/3(075.32)
100 ## - MAIN ENTRY--PERSONAL NAME
Personal name Воробьев,С.Г.
245 ## - TITLE STATEMENT
Title Автоматизация производственных процессов виноделия.
245 ## - TITLE STATEMENT
Remainder of title Учебник.
245 ## - TITLE STATEMENT
Statement of responsibility, etc. Ред. Е.И.Якубович.
260 ## - PUBLICATION, DISTRIBUTION, ETC.
Place of publication, distribution, etc. М.
260 ## - PUBLICATION, DISTRIBUTION, ETC.
Name of publisher, distributor, etc. Пищевая промышленность.
260 ## - PUBLICATION, DISTRIBUTION, ETC.
Date of publication, distribution, etc. 1972.
300 ## - PHYSICAL DESCRIPTION
Extent 366стр.22см.с илл.библиогр.:стр.359.
653 ## - INDEX TERM--UNCONTROLLED
Uncontrolled term Автоматизация производственных процессов виноделия.
942 ## - ADDED ENTRY ELEMENTS (KOHA)
Koha item type წიგნი
ეგზემპლარები
Withdrawn status Lost status Damaged status Not for loan Date acquired Barcode Date last seen Price effective from Koha item type
        2018-12-17 11867 2018-12-17 2018-12-17 წიგნი
        2018-12-17 11868 2018-12-17 2018-12-17 წიგნი